Pýcha a predsudok

Bibliographic Details
Main Authors: Tavner, Gill (Author), Austen, Jane, 1775-1817 (Author)
Other Authors: Kronheimer, Ann (Illustrator), Zvončeková, Dáša, 1953-2024 (Translator)
Format: Book
Language:Slovak
English
PhysicalDescription:63 s. ilustr. 20 cm
Published: Bratislava Slovart 2013
ISBN:9788055607689
Series:Svetové čítanie Real Reads
Subjects:

MARC

LEADER 00000cam a2200000 a 4500
001 vtls010495253
003 SK-MaSNL
005 20260301214520.0
008 240315s2013 xo a c 000 f slo
015 |a SNBA2013/05 
020 |a 9788055607689  |q (brož.) 
040 |a SNK  |b slo  |c SNK  |e AACR2 
041 1 |a slo  |h eng 
044 |a xo  |c SK 
072 7 |a 821.111-3  |x Anglická próza, anglicky písaná  |2 konspekt 
072 7 |a 821-93  |x Literatúra pre deti a mládež (beletria)  |2 konspekt 
080 |a 821.111-31  |2 2001 
080 |a 821-93  |2 2001 
100 1 |a Tavner, Gill  |4 aut  |9 333407 
240 1 0 |a Pride and Prejudice  |l Slovensky 
245 1 0 |a Pýcha a predsudok  |c Jane Austen ; prerozprávala Gill Tavner ; ilustrovala Ann Kronheimer ; [z anglického originálu preložila Dáša Zvončeková] 
260 |a Bratislava  |b Slovart  |c 2013 
300 |a 63 s.  |b ilustr.  |c 20 cm 
490 1 |a Svetová čítanie Real Reads 
655 7 |a anglické romány  |2 SNKPH  |9 70428 
655 7 |a publikácie pre deti  |2 SNKPH  |9 70148 
655 7 |a English fiction  |2 SNKPHeng  |9 109944 
655 7 |a Children's literature  |2 SNKPHeng  |9 276039 
700 1 |a Austen, Jane,  |d 1775-1817  |4 aut  |9 92702 
700 1 |a Kronheimer, Ann  |4 ill  |9 333408 
700 1 |a Zvončeková, Dáša,  |d 1953-2024  |4 trl  |9 103285 
830 0 |a Svetové čítanie Real Reads  |9 333409 
852 |a Štátna vedecká knižnica v Banskej Bystrici 
919 |a 978-80-556-0768-9 
958 |a DB 
958 |a LX 
958 |a UP 
968 |b ENG 
999 |c 925015  |d 926945 
952 |a SNK  |b SNK  |y PREZ  |7 0  |p 17A1066903  |o snkSD 82029  |i snk2013/9072  |8 0  |0 0  |1 0  |4 0  |d 2013-04-19  |l 0  |r 2025-12-04 00:00:00  |w 2026-02-24 
952 |a SNK  |b SNK  |y VYP  |7 0  |p 17A1066904  |o snkSD 82029 D1  |i snk2013/9073  |8 0  |0 0  |1 0  |4 0  |d 2013-04-19  |l 0  |r 2017-06-30 00:00:00  |w 2026-02-24